| 000 | 01143nmc a2200421 a 4500 | ||
|---|---|---|---|
| 003 | AR-BaBNM | ||
| 005 | 20251128205505.0 | ||
| 008 | 011101s1995 ||||||||||||||000 | spa|| | ||
| 020 | _a84-7827-115-5 | ||
| 040 | _cAR-BaBNM | ||
| 100 | 1 | _aArnaiz, Pere | |
| 245 | 1 | 0 |
_aLa tutoría _borganización y tareas |
| 250 | _a1ª ed. | ||
| 260 |
_aBarcelona _bGraó _c1995 |
||
| 300 | 0 |
_a120 p. _btablas |
|
| 490 | 0 |
_aBiblioteca de aula _vv. 5 |
|
| 500 | 0 | _aMaterial de apoyo a la acción tutorial. p. 120 | |
| 504 | _aBibliografía: p. 117-119 | ||
| 600 | 1 | 4 | _aPages, Max |
| 600 | 1 | 4 | _aFreud, Sigmund |
| 600 | 1 | 4 | _aRogers, Karl |
| 600 | 1 | 4 | _aPinel, J. |
| 600 | 1 | 4 | _aPlenchette-brissonet, C. |
| 600 | 1 | 4 | _aLewin, Kurt |
| 650 | 4 | _aPROFESORES-TUTORES | |
| 650 | 4 | _aDINAMICA DE GRUPO | |
| 650 | 4 | _aTUTORIA | |
| 650 | 4 | _aASESORES | |
| 650 | 4 | _aRELACION ALUMNO-DOCENTE | |
| 650 | 4 | _aASESORAMIENTO DE GRUPO | |
| 650 | 4 | _aASESORES ESCOLARES [PRIMARIA] | |
| 650 | 4 | _aASESORES ESCOLARES [SECUNDARIA] | |
| 650 | 4 | _aENTREVISTAS | |
| 653 | 0 | _aORIENTACION EDUCATIVA | |
| 700 | 1 | _aIsus, Sofia | |
| 942 | _cBK | ||
| 998 | _csilvi | ||
| 999 |
_c11608 _d11608 |
||